000 00241nam a22000977a 4500
041 _aENG
245 _aOsf /Motif Programmer's Guide
260 _aDelhi
_bPrentice Hall Englewood
_c1998
650 _aCompetitive Exam
856 _uCompetitive Exam
999 _c702
_d702